[Event "38th olm final"]
[Site "Dresden"]
[Date "2008.11.15"]
[Round "3.4"]
[White "Glud, Jakob Vang"]
[Black "Salov, Sergei"]
[Result "1-0"]
[WhiteElo "2444"]
[BlackElo "2269"]
[EventDate "2008.11.13"]
[WhiteTeam "Denmark"]
[BlackTeam "ICSC"]
[PlyCount "117"]

1.c4 e5 2.g3 d6 3.Bg2 f5 4.Nc3 Nf6 5.d3 g6 6.e4 Bg7 7.Nge2 O-O 8.O-O Nc6
9.Nd5 h6 10.a3 g5 11.exf5 Bxf5 12.Ne3 Bd7 13.b4 Qc8 14.Bb2 Bh3 15.d4 Bxg2
16.Kxg2 Ng4 17.Nd5 Rf7 18.b5 Nxd4 19.Nxd4 exd4 20.Bxd4 Ne5 21.Qc2 c6 22.
bxc6 bxc6 23.Ne3 Qe6 24.Qe4 Re8 25.Rad1 Nf3 26.Qxe6 Rxe6 27.Bxg7 Kxg7 28.
Rd3 c5 29.Rb1 h5 30.Rd5 Ref6 31.h3 Ne5 32.Rb2 g4 33.hxg4 Nxg4 34.Rg5+ Rg6
35.Nf5+ Kf6 36.Rxg6+ Kxg6 37.Nxd6 Rd7 38.Nb7 Rd4 39.Nxc5 Rxc4 40.Nd3 Ra4
41.Nf4+ Kh6 42.Rb5 Nf6 43.Rf5 Kg7 44.Rg5+ Kf7 45.Nxh5 Nxh5 46.Rxh5 Rxa3
47.f4 a5 48.Kh3 Kg6 49.Rb5 Ra1 50.Kg4 a4 51.Rb6+ Kf7 52.Ra6 a3 53.Kg5 a2
54.g4 Kf8 55.Ra7 Ke8 56.f5 Kd8 57.f6 Ke8 58.Kg6 Rg1 59.f7+ 1-0

[Event "38th olm final"]
[Site "Dresden"]
[Date "2008.11.16"]
[Round "4.2"]
[White "Hossain, Enamul"]
[Black "Nielsen, Peter Heine"]
[Result "0-1"]
[WhiteElo "2494"]
[BlackElo "2662"]
[EventDate "2008.11.13"]
[WhiteTeam "Bangladesh"]
[BlackTeam "Denmark"]
[PlyCount "78"]

1.e4 c5 2.Nf3 Nc6 3.d4 cxd4 4.Nxd4 d6 5.Nc3 e6 6.Be2 Nf6 7.O-O Be7 8.Be3
O-O 9.f4 Bd7 10.Kh1 a6 11.Qe1 b5 12.a3 Qb8 13.b4 Nxd4 14.Bxd4 e5 15.Be3
Rc8 16.Bd3 Qc7 17.Bd2 Bc6 18.Qe2 Re8 19.fxe5 dxe5 20.Rf2 Rad8 21.Raf1 Bb7
22.g4 Rf8 23.g5 Ne8 24.Rf3 g6 25.Qf2 f5 26.gxf6 Rxf6 27.Bg5 Rxf3 28.Qxf3
Nd6 29.Qg4 Bxg5 30.Qxg5 Re8 31.Qf6 Nf5 32.Nd1 Rf8 33.Qe6+ Kg7 34.Kg1 Rf6
35.Qa2 Qb6+ 36.Rf2 Ne3 37.Rxf6 Kxf6 38.Nxe3 Qxe3+ 39.Kf1 Bc8 0-1

[Event "38th olm final"]
[Site "Dresden"]
[Date "2008.11.22"]
[Round "9.3"]
[White "Schandorff, Lars"]
[Black "Erdogdu, Mert"]
[Result "1/2-1/2"]
[WhiteElo "2520"]
[BlackElo "2449"]
[EventDate "2008.11.13"]
[WhiteTeam "Denmark"]
[BlackTeam "Turkey"]
[PlyCount "68"]

1.d4 Nf6 2.c4 g6 3.Nc3 Bg7 4.e4 d6 5.f3 a6 6.Be3 c6 7.Bd3 b5 8.Nge2 O-O 9.
O-O Nbd7 10.b3 bxc4 11.bxc4 c5 12.Rb1 cxd4 13.Nxd4 Ne5 14.Be2 Bd7 15.Nb3
a5 16.Nd5 a4 17.Nd4 Nxd5 18.cxd5 Rc8 19.Qd2 e6 20.Rfc1 exd5 21.exd5 Re8
22.Rxc8 Qxc8 23.Rb4 Qa8 24.Nb5 Bxb5 25.Bxb5 Rb8 26.Rxa4 Qb7 27.Rb4 Nc4 28.
Rxc4 Qxb5 29.Rc2 h5 30.g3 Re8 31.Kg2 Re5 32.Rb2 Qxd5 33.Qxd5 Rxd5 34.Rd2
Ra5 1/2-1/2

[Event "38th olm final"]
[Site "Dresden"]
[Date "2008.11.22"]
[Round "9.4"]
[White "Haznedaroglu, Kivanc"]
[Black "Glud, Jakob Vang"]
[Result "0-1"]
[WhiteElo "2436"]
[BlackElo "2444"]
[EventDate "2008.11.13"]
[WhiteTeam "Turkey"]
[BlackTeam "Denmark"]
[PlyCount "100"]

1.e4 e6 2.d4 d5 3.e5 c5 4.c3 Qb6 5.Nf3 Bd7 6.Be2 cxd4 7.cxd4 Bb5 8.O-O
Bxe2 9.Qxe2 Ne7 10.Nc3 Nec6 11.Rd1 Be7 12.h4 Nd7 13.Rb1 Rc8 14.Bg5 h6 15.
Bxe7 Nxe7 16.Rbc1 O-O 17.b3 Rc6 18.Qd2 Rfc8 19.Ne2 a5 20.Rc3 Rxc3 21.Nxc3
Qb4 22.Rc1 Rc6 23.Ne2 Qa3 24.Rc3 a4 25.Qc2 axb3 26.Qxb3 Qa6 27.Rxc6 Nxc6
28.Nc3 Nb6 29.Nb5 Nc4 30.Nc7 Qa7 31.Nb5 Qb6 32.Qa4 Qa6 33.Qb3 Qa5 34.Nc3
Nd2 35.Nxd2 Nxd4 36.Qxb7 Qxc3 37.Qb8+ Kh7 38.Qb1+ g6 39.Qe1 Qa5 40.Qe3 Nf5
41.Qf4 Qxa2 42.g4 Qa1+ 43.Nf1 Qd4 44.Qf3 Ng7 45.Qxf7 Qxg4+ 46.Ng3 Qxh4 47.
Kg2 h5 48.Kf1 Qc4+ 49.Kg2 h4 50.Nf1 Qe4+ 0-1

[Event "38th olm final"]
[Site "Dresden"]
[Date "2008.11.23"]
[Round "10.3"]
[White "Mchedlishvili, Mikheil"]
[Black "Schandorff, Lars"]
[Result "1/2-1/2"]
[WhiteElo "2615"]
[BlackElo "2520"]
[EventDate "2008.11.13"]
[WhiteTeam "Georgia"]
[BlackTeam "Denmark"]
[PlyCount "119"]

1.d4 d5 2.c4 c6 3.Nf3 Nf6 4.Nc3 a6 5.c5 Bf5 6.Bf4 Nbd7 7.e3 e6 8.Be2 Ne4
9.Nxe4 Bxe4 10.O-O Be7 11.Nd2 Bg6 12.b4 O-O 13.Nb3 Bg5 14.a4 Bxf4 15.exf4
Qc7 16.Qd2 Rfb8 17.Rfc1 h6 18.Ra2 Kh8 19.g3 f6 20.Bg4 Re8 21.Re1 Nf8 22.
Qc3 Re7 23.h4 Be4 24.Rae2 Rae8 25.Nd2 Bf5 26.Bh5 Rb8 27.Re3 Ra8 28.Be2
Rae8 29.Nf3 Be4 30.Bd3 Bxf3 31.Rxf3 Kg8 32.Rfe3 g6 33.Bf1 h5 34.b5 axb5
35.axb5 cxb5 36.Bxb5 Ra8 37.Bf1 Qa5 38.Qb2 Qa2 39.Qb6 Qa5 40.Qb1 Qa2 41.
Qd1 f5 42.Rb3 Ra3 43.Rb6 Kf7 44.Re2 Qa1 45.Rb1 Qc3 46.Reb2 Ra7 47.Rb4 Qa3
48.R1b3 Qa5 49.Rb6 Qa4 50.R6b5 Nh7 51.Qd2 Qa1 52.Rb1 Qa3 53.R1b3 Qa1 54.
Rb1 Qa3 55.R5b3 Qa4 56.Rb4 Qa3 57.R1b3 Qa1 58.Rb1 Qa3 59.R4b3 Qa4 60.Rb4
1/2-1/2

[Event "38th olm final"]
[Site "Dresden"]
[Date "2008.11.23"]
[Round "10.4"]
[White "Glud, Jakob Vang"]
[Black "Pantsulaia, Levan"]
[Result "1/2-1/2"]
[WhiteElo "2444"]
[BlackElo "2580"]
[EventDate "2008.11.13"]
[WhiteTeam "Denmark"]
[BlackTeam "Georgia"]
[PlyCount "29"]

1.d4 Nf6 2.c4 e6 3.Nf3 c5 4.g3 cxd4 5.Nxd4 Qc7 6.Nd2 Nc6 7.Nb5 Qb6 8.Bg2
d5 9.O-O Be7 10.Nf3 O-O 11.Be3 Qa5 12.Bd2 Qb6 13.Be3 Qa5 14.Bd2 Qb6 15.Be3
1/2-1/2